Những yếu tố tác động đến sự tham gia cộng đồng của phụ nữ giai đoạn 1976-1986 /
में बचाया:
| मुख्य लेखक: | |
|---|---|
| स्वरूप: | लेख |
| भाषा: | Vietnamese |
| विषय: | |
| टैग : |
टैग जोड़ें
कोई टैग नहीं, इस रिकॉर्ड को टैग करने वाले पहले व्यक्ति बनें!
|
| Thư viện lưu trữ: | Thư viện Trường Đại học Đà Lạt |
|---|
| LEADER | 00857nam a2200277 4500 | ||
|---|---|---|---|
| 001 | DLU210195806 | ||
| 005 | ##20210310 | ||
| 040 | # | # | |a DLU |b vie |
| 041 | # | # | |a vie |
| 044 | # | # | |a vn |
| 100 | # | # | |a Nguyễn Đức Tuyến. |
| 245 | # | # | |a Những yếu tố tác động đến sự tham gia cộng đồng của phụ nữ giai đoạn 1976-1986 / |c Nguyễn Đức Tuyến. |
| 653 | # | # | |a Bất bình đẳng |
| 653 | # | # | |a Giới |
| 653 | # | # | |a Hoạt động cộng đồng |
| 653 | # | # | |a Phụ nữ |
| 773 | # | # | |t Nghiên cứu gia đình và giới |g Số 4, 2019, tr. 12-21 |
| 920 | # | # | |a Phòng Tạp chí -- Trung tâm Thông tin - Thư viện Trường Đại học Đà Lạt |
| 994 | # | # | |a DLU |
| 900 | # | # | |a True |
| 911 | # | # | |a Hoàng Thị Huyền |
| 925 | # | # | |a G |
| 926 | # | # | |a A |
| 927 | # | # | |a BB |
| 980 | # | # | |a Thư viện Trường Đại học Đà Lạt |